000 00332nam a2200133Ia 4500
005 20260328101530.0
008 260328s9999||||xx |||||||||||||| ||und||
100 _aRivera, Álvaro
245 0 _aConstruyendo Pedagogia /
_cÁlvaro Rivera
260 _bGrafisca
300 _a127 p.
650 _aEDIFICACIONES ESCOLARES
942 _cBK
999 _c9952
_d9952